Ochrana spotřebitelů v Evropě.
V západných vyspelých ekonomikách sa považuje za samozrejmé, že spotrebiteľ musí byť chránený, že štát má jednoznačnú úlohu najmä v oblasti bezpečnosti výrobkov, ochrany ekonomických záujmov spotrebiteľa, pri nesúdnom riešení spotrebiteľských sťažností a pri rozvoji poradenstva, informácií a vzdeláv...
Salvato in:
| Autore principale: | |
|---|---|
| Natura: | Capitolo di libro |
| Lingua: | ceco |
| Soggetti: | |
| Tags: |
Nessun Tag, puoi essere il primo ad aggiungerne!!
|
MARC
| LEADER | 00000naa a2200000 4500 | ||
|---|---|---|---|
| 001 | r009903 | ||
| 005 | 20220831083925.3 | ||
| 041 | 0 | |a cze | |
| 044 | |a [CS] | ||
| 245 | 1 | 0 | |a Ochrana spotřebitelů v Evropě. |c V. Straka |
| 520 | |a V západných vyspelých ekonomikách sa považuje za samozrejmé, že spotrebiteľ musí byť chránený, že štát má jednoznačnú úlohu najmä v oblasti bezpečnosti výrobkov, ochrany ekonomických záujmov spotrebiteľa, pri nesúdnom riešení spotrebiteľských sťažností a pri rozvoji poradenstva, informácií a vzdelávaní spotrebiteľov. Charakteristika spotrebiteľskej politiky v západných štátoch a v ES. Zamyslenie nad vývojom ochrany spotrebiteľa v ČSFR. | ||
| 610 | 2 | 0 | |a ochrana spotrebiteľa |
| 610 | 2 | 0 | |a Európa |
| 610 | 2 | 0 | |a spotrebitelia |
| 610 | 2 | 0 | |a ČSFR |
| 610 | 2 | 0 | |a kontrola |
| 100 | 1 | |a Straka, V. | |